Category Elimination - NBA Players #1 - Statistics

General Stats
  • This quiz has been taken 6,047 times
  • The average score is 12 of 20
Answer Stats
Group # Category % Correct
Green 28 Has won the finals at least once in the past 3 years
94%
Green 10 ... and was drafted in the first round
91%
Yellow 29 Players who have scored 60 or more points in a game
82%
Yellow 20 ... who is retired
78%
Pink 33 NBA MVPs
76%
Pink 25 ... who has won a finals
75%
Pink 12 ... and won mvp after the 80's
74%
Yellow 6 ... and played at least two seasons on the lakers
72%
Blue 40 Players who currently play and their first or last name starts with "A"
71%
Green 7 ... who has played for multiple teams
69%
Green 6 ... and was born in the USA
68%
Pink 6 ... and was a top 3 draft pick
68%
Yellow 4 ... who was not a guard
62%
Yellow 1 ... and has played in the 21st century Shaquille O'neal
51%
Blue 22 ... who is on a team in the eastern conference
46%
Blue 18 ... with a last name of more than 5 letters
45%
Blue 9 ... and is a big man
37%
Pink 1 ... whose first name contains exactly three different letters Tim Duncan
19%
Blue 1 ... and has won the skills competition Bam Adebayo
14%
Green 1 ... who has worn the number 14 Shaun Livingston
4%
No matching quizzes found
Score Distribution
Percent of People with Each Score
Percentile by Number Answered
Your Score History
You have not taken this quiz